000 00548cam a22002055a 4500
001 26218
003 BD-RjUL
005 20211209051003.0
008 140320t1971 ii 000 0 eng
035 _a(BD-RjUL)26288
040 _aDLC
_cDLC
_beng
_dBD-RJUL
041 _aeng
082 0 4 _a954
_bUNP 1971
245 0 0 _aUnpublished letters of Vidyasagar /
_cedited by Arabinda Guha.
260 _aKolkata :
_bAnanda publishers,
_c1971.
300 _a235 p. ;
_c21 cm.
700 1 _aGuha, Arabinda
_980604
942 _2ddc
_cBK
999 _c26218
_d26218